Komoditná a teritoriálna štruktúra priamych investícií Indie bakalárska práca

Saved in:
Bibliographic Details
Main Author: Iľaščíková, Kamila
Corporate Author: Obchodná fakulta EU. Katedra medzinárodného obchodu
Other Authors: Obedová, Martina
Format: Book
Language:Slovak
Published: Bratislava 2009
Tags: Add Tag
No Tags, Be the first to tag this record!

MARC

LEADER 00000nam$a2200000$$$4500
001 0103431
005 20240318133659.5
041 0 |a slo 
044 |a SK 
245 1 0 |a Komoditná a teritoriálna štruktúra priamych investícií Indie  |b bakalárska práca  |c Kamila Iľaščíková ; škol. Martina Obedová 
264 1 |a Bratislava  |c 2009 
300 |a 67 s. 
100 1 |a Iľaščíková, Kamila 
700 1 |a Obedová, Martina 
710 2 |a Obchodná fakulta EU. Katedra medzinárodného obchodu